|
|
|
|
| LEADER |
01154cam a22003251a 4500 |
| 001 |
000035895 |
| 003 |
12187 |
| 005 |
20160325000000.0 |
| 008 |
160321s2012 enk 000 vie |
| 041 |
|
|
|a vie
|
| 082 |
|
|
|a 306.4
|b NG-Đ
|
| 100 |
|
|
|a Nguyễn Đức Đàn
|
| 245 |
|
|
|a Tư tưởng triết học và đời sống văn hoá Ấn Độ
|c Nguyễn Đức Đàn
|
| 260 |
|
|
|a Văn học
|c 2012
|
| 300 |
|
|
|a 522tr . : mh ; 30cm
|
| 650 |
|
|
|a Tư tưởng triết học và đời sống văn hoá Ấn Độ, đời sống văn hoá Ấn Độ, Ấn Độ
|
| 852 |
|
|
|b Chuyên đề
|c Giáo trình
|
| OWN |
|
|
|a LNN
|
| AVA |
|
|
|a UDN50
|b LNN
|d 306.4 NG-Đ
|e available
|t Error 5001 Not defined in file expand_doc_bib_avail.
|f 1
|g 0
|h N
|i 0
|k 1
|
| 999 |
|
|
|a From the UDN01
|
| AVA |
|
|
|a UDN50
|b LNN
|d 306.4 NG-Đ
|e available
|t Error 5001 Not defined in file expand_doc_bib_avail.
|f 1
|g 0
|h N
|i 0
|k 1
|
| TYP |
|
|
|a Monograph
|
| TYP |
|
|
|a Printed language
|
| 980 |
|
|
|a Mạng thư viện Đại học Đà Nẵng
|